00289nam a2200121Ia 45000030006000000080041000060400015000471000020000622450036000822600020001185460012001380050017001500STCL150530s9999 xx 000 0 und d aSTCLcSTCL aCourthope, W.J. aHistory of english poetry vol-V bMacmillanc1911 aEnglish20220125170842.0